[Event "Chinese Chess League 2019"]
[Site "Shen Yang"]
[Date "2019.12.04"]
[Round "19.9"]
[White "Li, Ruofan"]
[Black "Ni, Shiqun"]
[Result "0-1"]
[WhiteElo "2335"]
[BlackElo "2391"]
[Annotator "TA"]
[PlyCount "154"]
[EventDate "2019.04.09"]
[EventType "team-tourn"]
[EventCountry "CHN"]
[SourceTitle "playchess.com"]
[Source "ChessBase"]
[SourceQuality "1"]

{[%evp 17,154,20,20,19,19,14,22,15,29,25,27,11,16,0,6,0,95,3,97,95,99,102,100,106,98,89,89,84,84,90,91,76,107,100,109,93,116,97,106,100,100,34,51,21,21,21,26,25,88,88,89,48,82,80,79,23,89,92,111,54,56,29,21,9,14,14,64,29,37,37,110,0,58,4,20,0,0,-43,0,0,0,0,0,0,0,0,0,0,0,0,0,0,0,0,0,0,0,0,0,0,0,0,0,0,0,0,0,0,0,0,0,0,0,0,0,0,0,0,0,0,0,-1018,-561,-1504,-1369,-29978,-29979,-29979,-29962,-29980,-29981,-29978,-29979,-29982,-29980,-29981,-29981,-29981,-29981]} 1. d4 d5 2. c4 c6 3. cxd5 (3. Nc3 Nf6 4. cxd5 cxd5 5. Bf4 Nc6 {½-½ (10) Pashikian,A (2599)-Petrosian,T (2598) Yerevan 2019}) 3... cxd5 4. Bf4 Nc6 5. e3 Nf6 6. Nc3 a6 7. Bd3 Bg4 8. Nge2 e6 9. O-O Bd6 10. f3 {D10: Slav Defence: 3 cxd5 (without early Nf3) and 3 Nc3} Bh5 11. Rc1 Bg6 12. Na4 {The position is equal.} O-O 13. Bxg6 (13. Nc5 Bxf4 14. Nxf4 Bxd3 15. Nfxd3 Qe7 16. f4 Rfc8 {½-½ (27) Li,R (2328)-Ni,S (2427) China 2018}) 13... hxg6 14. Qb3 Rb8 15. Nc5 $146 ({Predecessor:} 15. Qb6 Bxf4 16. Nxf4 Nd7 17. Qxd8 Rfxd8 {1-0 (27) Jakab,A (2354)-Reiss,T (2255) Paks 2000}) 15... e5 16. Bg5 Qe7 (16... Re8 $11) 17. Nd3 (17. Bxf6 $1 $16 gxf6 18. Nc3) 17... Rfe8 (17... exd4 $1 $11 18. Nxd4 Rfe8) 18. dxe5 $16 Nxe5 19. Ndf4 Nc6 20. Nxd5 Qe5 21. Nxf6+ gxf6 22. Bf4 Qe7 23. Bxd6 Qxd6 24. Rfd1 Qe7 25. e4 Kg7 26. Nf4 Rh8 27. Qc3 Rbc8 28. Nd5 Qd6 29. f4 (29. Kf2 $16) 29... Ne7 $14 30. Qd4 (30. Qe3 {with more complications.} Rxc1 31. Qxc1 Nxd5 32. exd5 Qb6+ 33. Kh1) 30... Rxc1 $1 31. Rxc1 Nxd5 32. exd5 $11 {[%mdl 4096] Endgame KQR-KQR} Rd8 (32... Rh5 $11) 33. Rd1 $1 $16 Rc8 34. Qd2 Rc4 35. g3 Kf8 36. Kg2 (36. Qe3 $16) 36... Rc5 (36... Qc5 $11 37. Qd3 Ke7) 37. Qd3 b5 38. b3 ({White should try} 38. h4 $16) 38... b4 $14 39. Rd2 a5 40. Qd4 Kg7 41. Qe4 Kf8 42. h4 Rc1 43. f5 Rc3 (43... g5 $14) 44. Rd3 ({Better is} 44. Qf4 $16 Qxf4 45. gxf4) 44... Kg7 (44... Rc2+ $11 45. Kh3 Rxa2) 45. Kh3 ({White should play} 45. fxg6 $14 Rc2+ 46. Kh3 fxg6 47. Qg4) 45... Qd7 $1 $11 46. d6 {And now Rd5 would win.} gxf5 47. Qf3 Qxd6 (47... f4+ $5 48. g4 Qb5 49. Rxc3 bxc3 $15) 48. Rxc3 bxc3 49. Qxc3 $15 {KQ-KQ} Qd5 {[%cal Rd5h1]} 50. Qc1 (50. Qb2 {keeps more tension.} Qh1+ 51. Qh2 Qd5 52. Qg2 Qd3 53. Qf2) 50... Qf3 51. Qe1 Kh6 52. Qd2+ Kh5 53. Qc2 Qh1+ 54. Qh2 Qf3 55. Qg2 Qd1 56. Qa8 Qf1+ 57. Kh2 Qe2+ 58. Qg2 Qd3 59. Qf2 Kg6 60. Qb2 Qe3 61. Qc2 Kg7 62. Qg2 Kh6 63. Qc6 Qe2+ 64. Kh3 Qg4+ 65. Kg2 Qe2+ 66. Kh3 Qg4+ 67. Kh2 Qe2+ 68. Qg2 Qe3 69. Kh3 $2 {[%mdl 8192] [#]} (69. Qf1 $11 Qd2+ 70. Kh3 Qxa2 71. Qf4+ (71. Qxf5 Qxb3 72. Qxa5 Qe6+ 73. Kh2 Qe2+ 74. Kh3 Qe6+ 75. g4 Qe3+ 76. Kg2 Qe2+ 77. Kg3 Qe3+ 78. Kg2 Qe4+ 79. Kg3 Qe3+ 80. Kg2 $11) 71... Kg6 72. h5+ Kg7 73. h6+ (73. Qxf5 Qxb3 74. Qg4+ Kh6 $11) 73... Kg6 74. Qb8 (74. Qh4 Qb1 $17)) 69... f4 $1 $19 70. Kg4 {If only White now had time for h5....} f5+ $1 71. Kxf5 {[#]} f3 $1 {Black mates.} 72. Qb2 Kh7 73. Qb1 f2 74. Kf6+ Kg8 75. Qd1 Qe6+ 76. Kg5 Qg6+ 77. Kf4 {[#]} f1=Q+ $1 {[%mdl 512] Accuracy: White = 38%, Black = 67%.} 0-1

[Event "Chinese Chess League 2019"]
[Site "Shen Yang"]
[Date "2019.12.04"]
[Round "19.10"]
[White "Girya, Olga"]
[Black "Ju, Wenjun"]
[Result "0-1"]
[WhiteElo "2476"]
[BlackElo "2586"]
[Annotator "TA"]
[PlyCount "88"]
[EventDate "2019.04.09"]
[EventType "team-tourn"]
[EventCountry "CHN"]
[SourceTitle "playchess.com"]
[Source "ChessBase"]
[SourceQuality "1"]

{[%evp 9,88,10,19,2,4,12,21,25,18,31,25,13,19,0,0,0,28,0,16,21,74,15,24,0,0,0,67,75,86,82,137,137,145,136,145,138,145,132,129,145,147,143,185,163,210,202,221,212,234,234,285,285,268,264,276,218,217,180,250,251,235,247,249,207,225,124,159,-65,-64,-71,-50,-296,-273,-4133,-3739,-2366,-3309,-2042,-1631,-1064,-953]} 1. d4 Nf6 2. c4 e6 3. Nf3 d5 4. Nc3 Bb4 5. cxd5 exd5 6. Bf4 {D38: Queen's Gambit Declined: Ragozin Defence (4 Nf3 Bb4)} Ne4 7. Rc1 Qe7 $146 ({Predecessor:} 7... Nc6 8. Nd2 g5 9. Be3 Nxc3 10. bxc3 Bd6 11. h4 Bf4 12. Bxf4 gxf4 13. e3 fxe3 {1-0 (45) Xiong,J (2691)-Burke,J (2562) Philadelphia 2019}) 8. Nd2 {The position is equal.} Nxc3 9. bxc3 {Threatens to win with Qa4+.} Ba3 10. Rb1 O-O 11. Rb3 Nc6 12. e3 Na5 13. Rb5 {[%mdl 64] [#] Double Attack} b6 $1 14. Rxd5 Be6 (14... Bd6 $1 $11 {keeps the balance.} 15. Bxd6 cxd6) 15. Rg5 (15. Rb5 $16) 15... Bd6 $11 16. Qf3 Bxf4 $1 17. Qxf4 f6 (17... Qa3 $11 18. Rxg7+ (18. Qxc7 $2 Qc1+ 19. Ke2 h6 $19) 18... Kxg7 19. Qg5+ Kh8 20. Qf6+ Kg8 21. Qg5+ Kh8 22. Qf6+ Kg8 23. Qg5+ Kh8) 18. Rg3 $1 $36 {[%mdl 2048] White is really pushing.} Bxa2 19. Bd3 f5 ({Better is} 19... Rae8) 20. Bxf5 $16 Nc4 21. Qe4 Qxe4 22. Bxe4 Rad8 {With the idea ...Nxd2.} 23. Nxc4 Bxc4 24. f3 c5 25. Kd2 cxd4 26. cxd4 Rc8 27. Rg5 Rfd8 28. Re5 a5 29. Rb1 a4 30. Rxb6 a3 31. Ra5 a2 32. Bd3 {aiming for Bxc4+.} Bf7 33. Rb7 Ra8 (33... g6 $142 34. Be4 Ra8) 34. Rba7 $18 Rxa7 35. Rxa7 {[%mdl 4096] Endgame KRB-KRB} Kf8 36. Be4 Rb8 37. Kc1 (37. Bxh7 $18 Rb7 38. Ra6 (38. Rxb7 $2 {loses.} a1=Q $19)) 37... Bc4 38. Bxh7 $2 ({White should play} 38. Bc2 $16) 38... Rb6 $1 $15 {And now ...Ba6 would win.} 39. Ra8+ $1 Ke7 {Strongly threatening ...Ba6.} 40. Ra4 $2 {[#]} (40. Ra5 $1 $15 g6 41. Kc2) 40... g6 $1 $19 41. Kd2 $2 (41. h4 Rb1+ 42. Kd2) 41... Ra6 {Black is clearly winning.} 42. Rxa2 Rxa2+ 43. Kc3 Bf7 44. f4 Rxg2 {Accuracy: White = 51%, Black = 49%.} 0-1

[Event "Chinese Chess League 2019"]
[Site "Shen Yang"]
[Date "2019.12.04"]
[Round "19.11"]
[White "Lin, Yi"]
[Black "Andreikin, Dmitry"]
[Result "1/2-1/2"]
[WhiteElo "2425"]
[BlackElo "2733"]
[Annotator "TA"]
[PlyCount "72"]
[EventDate "2019.04.09"]
[EventType "team-tourn"]
[EventCountry "CHN"]
[SourceTitle "playchess.com"]
[Source "ChessBase"]
[SourceQuality "1"]

{[%evp 21,72,25,30,30,27,14,31,20,20,19,35,14,26,29,23,24,22,31,22,11,11,18,10,12,16,8,20,15,14,16,18,18,19,16,24,10,10,0,0,-2,-2,-2,-2,-2,-2,-2,-2,-2,0,0,0,0,7]} 1. d4 d5 2. c4 e6 3. Nf3 c6 4. e3 Nf6 5. Bd3 dxc4 6. Bxc4 Nbd7 7. O-O Bd6 8. Nc3 b5 9. Bd3 Bb7 10. e4 e5 11. Bg5 O-O 12. dxe5 {D47: Semi-Slav: Meran System} Nxe5 13. Nxe5 Bxe5 14. f4 {White is slightly better.} Bxc3 15. bxc3 {[#] And now e5 would win.} c5 16. e5 $146 {Threatens to win with Bxf6.} ({Predecessor:} 16. Bxb5 Qxd1 17. Rfxd1 Nxe4 18. Rd7 Bc8 19. Rc7 Bf5 {0-1 (37) Basso,P (2460)-Svane,R (2595) Douglas 2017}) 16... Qd5 {[%csl Gb7][%cal Rd5g2]} 17. Qc2 c4 18. Bf5 Ne4 19. Be7 Rfe8 20. Rad1 Qc6 21. Bxe4 Qxe4 22. Qxe4 Bxe4 23. Rd7 Bf5 24. Rb7 Reb8 25. Rxb8+ Rxb8 $11 {[%mdl 4096] Endgame KRB-KRB} 26. Rd1 Bd3 27. Kf2 h5 28. h3 Re8 {The position is equal.} 29. Bd6 h4 30. Re1 Kh7 31. Re3 Re6 32. a3 Bf5 33. g4 hxg3+ $1 34. Rxg3 Kg8 35. h4 Rh6 36. Be7 Kh7 {Accuracy: White = 71%, Black = 88%.} 1/2-1/2

[Event "Chinese Chess League 2019"]
[Site "Shen Yang"]
[Date "2019.12.04"]
[Round "19.12"]
[White "Zou, Chen"]
[Black "Zeng, Chongsheng"]
[Result "1/2-1/2"]
[WhiteElo "2462"]
[BlackElo "2544"]
[Annotator "TA"]
[PlyCount "210"]
[EventDate "2019.04.09"]
[EventType "team-tourn"]
[EventCountry "CHN"]
[SourceTitle "playchess.com"]
[Source "ChessBase"]
[SourceQuality "1"]

{[%evp 19,210,19,41,35,27,22,11,0,15,22,29,14,20,30,31,27,57,50,59,47,27,26,49,64,66,58,38,41,83,33,66,-23,92,67,173,179,173,143,125,83,76,77,79,81,89,86,80,88,84,83,84,117,170,151,164,160,188,180,173,127,179,135,170,156,297,308,387,399,551,556,559,550,540,559,574,572,590,190,247,119,121,144,197,110,108,0,0,0,0,0,0,0,0,0,0,0,0,0,0,0,0,0,0,0,0,0,0,0,0,0,0,0,0,0,82,89,89,89,54,0,0,0,67,68,89,89,89,0,296,420,1502,3122,11581,10326,10648,10530,5097,1232,250,1232,5073,9022,9975,8795,6325,1881,627,502,29964,29974,29981,29982,29988,29975,29975,29973,29974,0,0,0,29976,29977,29972,0,0,0,0,0,0,0,0,0,0,0,0,0,0,0,0,0,0,0,0,0,0,0,0,0,0,0,0,0,0]} 1. e4 c5 2. Nf3 d6 3. d4 cxd4 4. Nxd4 Nf6 5. Nc3 a6 6. f3 e5 7. Nb3 Be6 8. Be3 Nbd7 {[%cal Bb8d7,Bd7b6,Bb6c4][%mdl 32]} 9. Qd2 b5 10. O-O-O Nb6 11. Qf2 {B90: Sicilian Najdorf: Unusual White 6th moves, 6 Be3 Ng4 and 6 Be3 e5} Nfd7 (11... Nc4 12. Bxc4 bxc4 13. Na5 Qd7 14. Rd2 Be7 15. Rhd1 Rb8 16. Bc5 Qc7 17. Rxd6 Qxa5 18. Rxe6 fxe6 19. Bxe7 {1-0 (66) Anand,V (2792)-Gelfand,B (2723) Wijk aan Zee 2006}) 12. Kb1 Rc8 13. Nd5 {[%cal Rd5b6]} Bxd5 14. exd5 Nc4 15. Bc1 {[#]} Be7 $146 ({Predecessor:} 15... Qb6 16. Qe1 Be7 17. g4 O-O {0-1 (35) Skripchenko,A (2494)-Naiditsch,A (2524) Dortmund 2001}) 16. h4 O-O 17. g4 Qb6 18. Qe1 Bd8 19. c3 a5 20. Na1 b4 21. cxb4 $1 axb4 22. Rh2 {Strongly threatening Rc2.} Na5 23. b3 e4 24. fxe4 Bf6 25. Nc2 (25. Be3 $14 Qb7 26. Bd4) 25... Nc5 (25... Rc3 $1 $11 {keeps the balance.} 26. Rd3 Rfc8) 26. Qxb4 $16 (26. Nxb4 Bc3 $17) 26... Qc7 (26... Qa7 $1 $14) 27. Na3 $1 $18 Rfe8 28. Rc2 Qd8 29. g5 Rxe4 30. Nc4 Nxc4 31. Rxc4 Rxc4 32. Bxc4 Be5 33. Bb2 $36 {[%mdl 2048] White is on the roll.} Qd7 {White must now prevent ...Qf5+.} 34. Qd2 $1 Bxb2 35. Kxb2 Qg4 (35... Na4+ $16 36. Ka1 Nc5) 36. Qd4 $1 {[%cal Rd4g4]} Qg3 37. Rd2 g6 38. Re2 $1 Nd7 39. Ba6 Ra8 (39... Rb8 $16 {was worth a try.}) 40. Bb5 $1 {[%cal Rb5d7]} Ne5 41. a4 h6 (41... Rc8 $16 42. Ka2 Qf3) 42. gxh6 Kh7 43. Qf2 Qg4 44. Qf6 {[%csl Gh6][%cal Rf6g7]} Kxh6 {Black hopes to continue with ...Qd4+.} 45. Qxd6 Nf3 46. Be8 Qd4+ 47. Ka2 Ng1 48. Bxf7 $2 (48. Qf8+ Qg7 49. Qxg7+ Kxg7 50. Re3) 48... Rxa4+ 49. bxa4 Qxa4+ 50. Kb2 {[%csl Gf7][%cal Rd6g6]} Qd4+ 51. Kc2 ({Better is} 51. Kb3 $18 {[%csl Gf7][%cal Rd6g6]} Qd3+ 52. Kb4 Nxe2 53. Qf6 $1 {[%mdl 512]} Qd4+ 54. Qxd4 Nxd4 55. Kc5) 51... Qa4+ $16 52. Kc3 ({Much less strong is} 52. Kb2 Qd4+ 53. Kb3 (53. Kc2 Qa4+ 54. Kb2 $18) 53... Qd3+ 54. Kb4 Nxe2 $18) (52. Kd3 $1 $16 {[%csl Gf7][%cal Rd6g6]} Qb3+ 53. Ke4 (53. Kd2 Qb2+ 54. Kd3 Qxe2+ 55. Kc3 Qf3+ {[%mdl 64] Double Attack} 56. Kb4 Qxf7 $17) 53... Qf3+ 54. Ke5 Qf5+ 55. Kd4 Nxe2+ 56. Ke3 Qxf7 57. Kxe2) 52... Nxe2+ $11 53. Kd2 {[%csl Gf7][%cal Rd6g6]} Nf4 54. Ke3 Ng2+ {[%mdl 64] Double Attack, Discovered Attack} 55. Kf2 {[%csl Gf7][%cal Rd6g6]} Nxh4 {Hoping for ...Qa7+.} 56. Qf8+ Kh5 57. Qh8+ Kg4 58. Be6+ Nf5 59. Bxf5+ Kxf5 {[%mdl 4096] Endgame KQ-KQ} 60. Qh3+ Kg5 61. Qe3+ Kf6 62. Qe6+ Kg7 63. Qe7+ Kh6 64. d6 Qa2+ 65. Ke3 Qa3+ 66. Kf4 Qc5 (66... Qb4+ $11 67. Kf3 Qc4) 67. Qf8+ $16 Kh7 68. Qf7+ $1 Kh6 69. Qf8+ (69. Qf6 $1 $14 Qc4+ 70. Ke5 Qe2+ 71. Kd5) 69... Kh7 $11 70. Qf7+ (70. Qe7+ $11 Kh6 71. Qf8+) 70... Kh6 $14 {( -> ...Qf2+)} 71. Qf6 $1 {[%cal Rf6h8]} Qc4+ 72. Ke5 Qe2+ 73. Kd5 Qa2+ $2 {[%mdl 8192]} (73... Qb5+ $11 {and Black is okay.} 74. Ke6 Qe8+ 75. Qe7 Qc8+ 76. Kf7 Qc4+ 77. Qe6 Qf4+ 78. Qf6 Qc4+ 79. Ke8 Qc8+ 80. Ke7 Qc5 81. Qf4+ Kg7) 74. Kc6 $18 {Threatens to win with Qh8+.} Qa4+ (74... Qc4+ $142 75. Kd7 Qc5) 75. Kc7 $1 Qa7+ 76. Kd8 $1 {Intending Qh4+ and mate.} Qb6+ 77. Ke7 Qb4 78. Kf7 (78. Qe5 $142 Qa3 79. Qh8+ Kg5 80. Qd8) 78... Qb3+ {[#]} 79. Qe6 $1 {[%cal Re6b3]} Qf3+ 80. Ke7 Qa3 81. Qe5 Kh7 82. Kf7 (82. Qf4 $142 Kg7 83. Qd4+ Kg8 84. Qb6) 82... Qf3+ {[#]} 83. Qf6 $1 {[%cal Rf6f3]} Qb3+ (83... Qb7+ $18 84. Qe7 Qf3+ 85. Ke6+ Kg8) 84. Ke8 Qa4+ 85. d7 Qb5 86. Qe7+ Kg8 87. Qf7+ {[%mdl 64] Double Attack} Kh8 88. Ke7 $2 (88. Qf4 Kg7 89. Qd6 Kg8 90. Qxg6+ Kh8 91. Qh6+ Kg8 92. Qe6+ Kg7 93. Qg4+ Kh8 94. Qd4+ Kg8 95. Ke7 Qg5+ 96. Ke6 Qg6+ 97. Kd5 Qg5+ 98. Qe5 Qd2+ 99. Kc6 Qc1+ 100. Qc5) 88... Qb4+ $11 89. Ke8 $2 {[%mdl 8192]} (89. Kf6 $11 Qh4+ 90. Ke5 Qe1+ 91. Kf6 Qh4+ 92. Ke5 Qe1+ 93. Kd6 Qb4+ 94. Kc7 Qa5+ 95. Kb8 Qb5+ 96. Kc8 Qc6+ 97. Kd8) 89... Qb5 $1 90. Qe6 Kg7 91. Ke7 $2 (91. Qe4 {mates} Kg8 92. Qxg6+ Kh8 93. Qe4 Kg7 94. Qd4+ Kg8 95. Ke7 Qe2+ 96. Kf6 Qf3+ 97. Kg5 Qg3+ 98. Kf5 Qf3+ 99. Ke6 Qe2+ 100. Qe5 Qa6+ 101. Ke7) 91... Qb4+ $1 {The position is equal.} 92. Qd6 Qe4+ 93. Kd8 {White threatens Qe7+ and mate.} Qa8+ $1 94. Kc7 Qa7+ $1 95. Kc8 Qa8+ 96. Qb8 Qc6+ 97. Kd8 {And now Qf4 would win.} Qf6+ 98. Kc7 Qc3+ $1 99. Kb7 Qf3+ 100. Kb6 Qb3+ 101. Kc7 Qc3+ 102. Kb7 Qf3+ 103. Ka7 Qa3+ $1 104. Kb6 Qb3+ 105. Kc7 Qc3+ {Accuracy: White = 71%, Black = 53%.} 1/2-1/2

[Event "Chinese Chess League 2019"]
[Site "Shen Yang"]
[Date "2019.12.04"]
[Round "19.13"]
[White "Xiang, Zeyu"]
[Black "Zhou, Weiqi"]
[Result "0-1"]
[WhiteElo "2448"]
[BlackElo "2587"]
[Annotator "TA"]
[PlyCount "144"]
[EventDate "2019.04.09"]
[EventType "team-tourn"]
[EventCountry "CHN"]
[SourceTitle "playchess.com"]
[Source "ChessBase"]
[SourceQuality "1"]

{[%evp 9,144,0,2,0,0,-17,0,-12,2,0,2,-54,9,9,6,-51,5,8,8,-3,0,-48,-35,-71,-54,-110,-114,-102,-79,-124,-91,-91,-68,-67,-63,-79,-40,-103,-107,-89,-100,-104,-95,-100,-112,-112,-107,-107,-89,-99,-62,-70,-62,-64,-70,-79,-77,-74,-68,-58,-64,-69,-59,-148,-140,-237,-238,-321,-297,-269,-193,-362,-350,-998,-833,-933,-800,-777,-777,-777,-530,-515,-515,-728,-702,-958,-923,-906,-883,-865,-854,-818,-767,-774,0,-515,-507,-586,-548,-507,-495,-466,-466,-633,-584,-403,-387,-459,-410,-609,-609,-570,-556,-1207,-889,-6187,-6116,-29964,-29966,-29974,-29975,-29975,-29976,-29976,-29976,-29978,-29979,-29979,-29980,-29982,-29983,-29984,-29985,-29985,-29986,-29986,-29984]} 1. d4 e6 2. c4 Bb4+ 3. Nd2 d5 4. Qb3 $146 ({Predecessor:} 4. Qa4+ Nc6 5. e3 Nge7 6. Ngf3 O-O 7. a3 Bxd2+ 8. Bxd2 b6 9. b4 dxc4 10. Bxc4 Bb7 11. Qc2 Nf5 {½-½ (51) Gelfand,B (2741)-Bartel,M (2622) Berlin 2015}) 4... Be7 5. Ngf3 Nf6 6. g3 {A40: Unusual replies to 1 d4} O-O 7. Bg2 c5 8. O-O {The position is equal.} Na6 9. Rd1 cxd4 10. Ne5 ({White should play} 10. Nxd4 $11 e5 11. N4f3) 10... Nd7 (10... Nc5 $15 11. Qc2 Ncd7) 11. Nxd7 $1 $11 Bxd7 12. Nf3 (12. cxd5 $11 Nc5 13. Qf3) 12... Rc8 (12... Nc5 $15 13. Qb4 d3 $1 {[%mdl 512]} 14. exd3 Nxd3 $1 {[%mdl 512]}) 13. cxd5 Nc5 $36 {[%mdl 2048] Black has good play.} 14. Qc4 Bf6 15. Bf4 exd5 16. Qxd5 Ba4 17. Qxd8 (17. Rxd4 $15 Bxd4 18. Nxd4) 17... Rfxd8 $17 18. b3 Bb5 19. Be5 Bxe2 20. Rd2 d3 {Strongly threatening ...Ne4.} 21. Bxf6 gxf6 22. Ne1 $1 a5 23. Rc1 (23. f3 $15) 23... f5 {Threatens to win with ...Ne4.} 24. f3 Rc6 {White must now prevent ...Nxb3!} 25. Rb1 {[#]} f4 $1 {[%mdl 512]} 26. Bf1 (26. gxf4 Ne6) 26... Bxf1 27. Kxf1 fxg3 28. hxg3 Rh6 29. Rbd1 Rd5 30. Nxd3 Nxd3 31. Rxd3 $15 {[%mdl 4096] Endgame KRR-KRR} Rh1+ 32. Ke2 Re5+ 33. Kd2 Rh2+ 34. Kc3 $1 Rxa2 35. Rd5 Re6 36. Rd6 {[#]} (36. R1d3 $15) 36... Rf2 $1 $17 37. Rxe6 (37. Rd8+ $17 Kg7 38. R1d3) 37... Rxf3+ $19 {[%mdl 64] Double Attack} ({Weaker is} 37... fxe6 38. Rd3 $15) 38. Kc4 fxe6 {KR-KR} 39. Rd8+ Kg7 40. Re8 $2 (40. Rb8 {is a better defense.}) 40... Rxg3 41. Rxe6 $2 (41. Re7+ Kf6 42. Rxh7) 41... Rg4+ 42. Kc3 Rb4 43. Re7+ Kg6 44. Re6+ Kf7 45. Rh6 Kg7 46. Rh1 h6 47. Rg1+ Kf6 48. Rh1 Kg5 49. Rg1+ Rg4 50. Rd1 Rg3+ 51. Kc4 Rg4+ 52. Kc3 $1 Rf4 53. Rg1+ Kh5 54. Rh1+ Rh4 55. Rd1 Rg4 56. Rh1+ {[#]} Kg6 $1 57. Rd1 b5 58. Rd5 Rg3+ 59. Kb2 (59. Kc2 $142 Rg5 60. Rd6+ Kh5 61. Kc3) 59... Rg5 60. Rd6+ Kh5 61. Ka3 Rf5 62. Ra6 Kg5 63. Rxa5 h5 {Black mates.} 64. Kb4 h4 65. Ra1 h3 66. Rh1 Kg4 67. Ka5 Rh5 68. Rg1+ Kf3 69. b4 h2 70. Rc1 h1=Q 71. Rxh1 Rxh1 72. Kxb5 Ke4 {Accuracy: White = 45%, Black = 71%.} 0-1

[Event "Chinese Chess League 2019"]
[Site "Shen Yang"]
[Date "2019.12.04"]
[Round "19.14"]
[White "Tan, Zhongyi"]
[Black "Zhou, Zirun"]
[Result "1/2-1/2"]
[WhiteElo "2504"]
[BlackElo "2121"]
[Annotator "TA"]
[PlyCount "111"]
[EventDate "2019.04.09"]
[EventType "team-tourn"]
[EventCountry "CHN"]
[SourceTitle "playchess.com"]
[Source "ChessBase"]
[SourceQuality "1"]

{[%evp 22,111,18,0,0,4,6,5,9,0,0,0,0,-1,0,-7,0,0,30,28,31,31,47,20,46,-6,0,-17,-11,-42,-20,-154,-146,-168,-11,-36,-31,-35,0,-15,0,-18,-44,-39,-34,-34,-33,-46,-54,-56,0,0,4,-116,0,0,0,0,0,0,0,0,0,0,0,0,0,0,0,0,0,-22,-8,-10,0,-14,-29,-37,-12,-12,-12,-12,-12,-12,-2,-69,-12,-18,-12,-12,-15,-11]} 1. d4 Nf6 2. c4 e6 3. Nc3 d5 4. cxd5 exd5 5. Bg5 Be7 6. e3 c6 7. Bd3 O-O 8. Qc2 Nbd7 {[%cal Bb8d7,Bd7f8,Bf8e6][%mdl 32]} 9. Nge2 g6 10. f3 Re8 11. O-O Nf8 12. Rad1 b5 {[%cal Bb7b5,Bb5b4][%mdl 32] D36: Queen's Gambit Declined: Exchange Variation: Main line (5 Bg5 c6 6 Qc2)} 13. Bh4 Ne6 14. Kh1 {[#]} a5 $146 ({Predecessor:} 14... Bb7 15. Qc1 Rc8 16. e4 b4 17. Na4 Qa5 18. b3 c5 19. Nxc5 Nxc5 20. dxc5 Rxc5 {½-½ (41) Mamedyarov,S (2767)-Radjabov,T (2758) Khanty-Mansiysk 2019}) 15. Qc1 Ba6 16. e4 b4 {Strongly threatening ...Bxd3.} 17. Bxa6 Rxa6 18. Bxf6 Bxf6 19. Na4 $1 Bg7 20. e5 f6 21. f4 fxe5 22. fxe5 Qe7 23. Qd2 (23. Nf4 $14 Bh6 24. Nxd5 $1 {[%mdl 512]} Bxc1 25. Nxe7+ Rxe7 26. Rxc1) 23... Ra7 24. Rc1 Rc7 25. Qe3 Rf8 26. Rxf8+ (26. g3 $11 {remains equal.}) 26... Qxf8 $17 27. Qh3 {[#]} Qe7 $2 (27... Ng5 $1 $19 {[%cal Rg5h3]} 28. Qh4 Bh6) 28. Qd3 Bh6 29. Rf1 Ra7 30. Qh3 Bg5 31. Nc5 Nxc5 32. dxc5 Ra8 33. Nd4 Qxe5 34. Nxc6 Qe2 {[%cal Re2f1]} 35. Rg1 $1 Rf8 (35... Qe4 $1 $15) 36. Nd4 $1 $11 {[%cal Rd4e2]} ({Of course not} 36. Nxa5 Bd8 $17) 36... Qe3 37. Nf3 {[#]} (37. Ne6 $1 $11 Re8 38. Nxg5 Qxg5 39. Qd3) 37... d4 ({Black should play} 37... Bf6 $1 $17 38. Rd1 Qxc5) 38. c6 {Hoping for c7.} Bd8 $1 39. Qd7 Bb6 40. Qd5+ Kh8 41. h4 Rf5 42. Qd6 {Threatens to win with Qb8+.} Qf4 43. Qd7 Rf7 44. Qd5 Rf5 45. Qd7 Rf7 46. Qe8+ Rf8 47. Qe7 Rf7 48. Qe5+ (48. Qe8+ {feels hotter.}) 48... Qxe5 49. Nxe5 {[%mdl 4096] Endgame KRB-KRN} Rf6 50. Rc1 {Nd7 is the strong threat.} Bc7 51. Nd3 Re6 52. Rc4 Kg8 53. Kg1 (53. g4 $11) 53... Kf7 (53... Re3 $1 $15 54. Nc5 d3) 54. Kf1 {The position is equal.} Ke7 55. Rxd4 {And now Rd7+ would win.} Rxc6 56. Ke2 {Accuracy: White = 46%, Black = 46%.} 1/2-1/2

[Event "Chinese Chess League 2019"]
[Site "Shen Yang"]
[Date "2019.12.04"]
[Round "19.15"]
[White "Lei, Tingjie"]
[Black "Zhao, Shengxin"]
[Result "1-0"]
[WhiteElo "2485"]
[BlackElo "2099"]
[Annotator "TA"]
[PlyCount "77"]
[EventDate "2019.04.09"]
[EventType "team-tourn"]
[EventCountry "CHN"]
[SourceTitle "playchess.com"]
[Source "ChessBase"]
[SourceQuality "1"]

{[%evp 26,79,70,57,63,47,60,56,52,66,129,119,177,162,156,152,203,173,265,189,196,194,195,145,147,135,142,133,137,135,186,174,264,254,245,235,454,423,446,430,392,391,377,352,387,346,360,328,1193,1040,12827,12829,5400,4652,12837,12837]} 1. e4 c5 2. Nf3 Nc6 3. d4 cxd4 4. Nxd4 Nf6 5. Nc3 e5 6. Ndb5 d6 7. Bg5 a6 8. Na3 b5 9. Bxf6 gxf6 10. Nd5 f5 11. c3 Bg7 12. Bd3 Be6 13. Qh5 f4 14. Nc2 O-O {B33: Sicilian: Pelikan and Sveshnikov Variations} 15. g3 f5 16. gxf4 Bxd5 {White is slightly better.} (16... exf4 17. Nxf4 Bf7 18. Qh3 Qg5 19. Ne2 Ne5 20. exf5 Rae8 21. Be4 Nc4 22. Rg1 Qd2+ 23. Kf1 Rxe4 {½-½ (23) Kogan,A (2569)-Munoz Pantoja,M (2452) Tarragona 2007}) 17. exd5 e4 ({Black should play} 17... Ne7 $14) 18. Bxe4 Qe8 $146 (18... Nb4 $16) ({Predecessor:} 18... fxe4 19. dxc6 d5 20. Rg1 Qf6 21. Qxd5+ Kh8 22. O-O-O Qxf4+ {1-0 (30) Cvak,R (1917)-Semenov,Z (978) LSS email 2011}) 19. Qxe8 $18 Raxe8 20. O-O-O fxe4 (20... Ne7 $16 {was called for.}) 21. dxc6 Bh6 (21... Rxf4 $142 22. Rhf1 (22. Rxd6 Rxf2 23. Nb4 Be5 $16) 22... Rc8) 22. Ne3 Bxf4 23. Kc2 Bxe3 24. fxe3 {[%mdl 4096] Endgame KRR-KRR} Rf6 25. Rd4 Rc8 26. Rxe4 Rxc6 27. Re7 Rf2+ (27... b4 $16 {was necessary.}) 28. Kb3 h5 (28... Rg2 $142 29. h4 Rg7) 29. Rg1+ Kf8 30. Rgg7 Rxh2 $2 (30... Rc8 31. Ra7 Re8) 31. Ref7+ Ke8 {Now ...d5 and Black clings on.} 32. Ra7 {[%cal Rg7g8] [#]} Kf8 33. Rgd7 {[%cal Rd7d8]} Rc8 34. Rxd6 Re8 35. Rf6+ Kg8 36. Rfxa6 Rxe3 $2 (36... Rg2 37. Rd6 h4) 37. Rb6 {[#] Intending Rb8+ and mate.White is clearly winning.} Kf8 38. Rxb5 Re8 39. a4 {Played: Ra7-h7} 1-0